000 01385nam a2200277 u 4500
001 000002714
005 20260305073950.0
008 090702s1988 dr r 001 0 spa d
040 _aDO-SdBNP
_bspa
_cBNPHU
082 _a336.39
_bF745i
110 2 _aFORUM
_98563
245 1 0 _aImpacto económico del gasto público en la República Dominicana /
_ceditor Frank Moya Pons.
260 _aSanto Domingo :
_bFORUM,
_c1988.
300 _a117 p. ;
_c22 cm.
490 1 _aForum
_v32
505 0 _gPresentación --
_tIntroducción /
_rAníbal de Castro --
_tAgregados monetarios, reservas de divisas, inversión pública y tasa de cambio /
_rAndrés Dauhajre, hijo --
_t¿Qué ocurre con la tasa de cambio: problema monetario o fiscal? /
_rHéctor Guiliani Cury --
_tDebate --
_tEl financiamiento del gasto público /
_rEduardo García Michel --
_tLa estructura del gasto público /
_rJosé Luis Alemán --
_tDebate.
590 _aInventariado, 2018/LP
650 4 _aGastos públicos
_zRepública Dominicana
_96405
650 4 _aHacienda pública
_zRepública Dominicana
_96562
650 0 _aFINANZAS PÚBLICAS
_xREPÚBLICA DOMINICANA
_98564
651 4 _aRepública Dominicana
_xCondiciones Económicas
_9281
651 4 _aRepública Dominicana
_xPolítica Económica
_9643
700 1 _aMoya Pons, Frank,
_d1944-
_eed.
_92095
830 0 _aForum ;
_n32
_98565
910 _aValidado. Control de calidad EMS
999 _c2550
_d2550